The road home #2/ Jim Harrison.
Available copies
- 1 of 1 copy available at LARL/NWRL Consortium.
- 1 of 1 copy available at Lake Agassiz Regional Library. (Show)
Current holds
0 current holds with 1 total copy.
Show Only Available Copies
| Location | Call Number / Copy Notes | Barcode | Shelving Location | Status | Due Date |
|---|---|---|---|---|---|
| Moorhead Public Library | Har (Text) | 33500005423132 | Main | Available | - |
Record details
- ISBN: 0871137240
- Physical Description: 446 p. : geneal. table, maps ; 24 cm.
- Publisher: New York : Atlantic Monthly Press, 1998.
Search for related items by subject
| Subject: | Indians > Mixed descent > Family relationships > Nebraska > Fiction. Families > Nebraska > Fiction. Nature > Great Plains > Fiction. Nebraska > Fiction. |
| Genre: | Historical fiction. |
Search for related items by series
| LDR | 01119cam a2200313Ia 4500 | ||
|---|---|---|---|
| 001 | 24191 | ||
| 003 | LARL_NWRL_CONSORTIUM | ||
| 005 | 19981007114008.0 | ||
| 008 | 980528s1998 nyu 000 1 eng | ||
| 020 | . | ‡a0871137240 | |
| 035 | . | ‡a(OCoLC)39235548 | |
| 082 | 0 | 0. | ‡a813/.54 ‡221 |
| 099 | . | ‡aHar | |
| 100 | 1 | . | ‡aHarrison, Jim, ‡d1937- ‡0(LARL_NWRL_CONSORTIUM)1723 |
| 245 | 1 | 4. | ‡aThe road home ‡n#2/ ‡cJim Harrison. |
| 260 | . | ‡aNew York : ‡bAtlantic Monthly Press, ‡c1998. | |
| 300 | . | ‡a446 p. : ‡bgeneal. table, maps ; ‡c24 cm. | |
| 490 | 0 | . | ‡aDalva ; ‡v2 |
| 650 | 0. | ‡aIndians ‡xMixed descent ‡xFamily relationships ‡zNebraska ‡vFiction. | |
| 650 | 0. | ‡aFamilies ‡zNebraska ‡vFiction. | |
| 650 | 0. | ‡aNature ‡zGreat Plains ‡vFiction. | |
| 651 | 0. | ‡aNebraska ‡vFiction. ‡0(LARL_NWRL_CONSORTIUM)168673 | |
| 655 | 7. | ‡aHistorical fiction. ‡2gsafd | |
| 901 | . | ‡a24191 ‡bOCLC ‡c24191 ‡tbiblio | |

Add to basket
Permalink
Disable Highlighting